Moderné aktuárske modely v poisťovníctve

Moderné PHI poistky ( Permanent health insurance). Diferenciálne rovnice v poistnej praxi. Predpoklady pre aktuárske výpočty.

Uložené v:
Podrobná bibliografia
Hlavný autor: Škrovánková, Lea, 1954-
Médium: Kapitola
Jazyk:Slovak
Predmet:
Tagy: Pridať tag
Žiadne tagy, Buďte prvý, kto otaguje tento záznam!

MARC

LEADER 00000naa a2200000 4500
001 0127849
005 20240502072446.1
041 0 |a slo 
044 |a SK 
245 1 0 |a Moderné aktuárske modely v poisťovníctve  |c Lea Škrovánková 
520 |a Moderné PHI poistky ( Permanent health insurance). Diferenciálne rovnice v poistnej praxi. Predpoklady pre aktuárske výpočty. 
610 2 0 |a poisťovníctvo 
610 2 0 |a matematika poistná 
610 2 0 |a riziko poistné 
610 2 0 |a starostlivosť zdravotná 
610 2 0 |a poistenie nemocenské 
610 2 0 |a poistenie zdravotné 
100 1 |a Škrovánková, Lea, 1954-